000 00582nam a2200217 a 4500
001 BRCA_6291
005 20190320205412.0
008 030811s1959----nyuab#####---#000-0#eng-#
041 _aeng
044 _anyu
050 4 _aTP507
_b.W38 1959
100 1 _aWaugh, Alec
_d1898-1981
_915777
245 1 0 _aIn praise of wine and certain noble spirits
_cAlec Waugh.
260 _aNueva York
_bW. Sloane
_c1959
300 _a304 p.
_bil., mapas
_c24 cm.
500 _aK154
651 4 _aVinos e industria vinĂ­cola
_915778
651 4 _aLicores
_915779
902 _aGFM
942 _2lcc
_cB
999 _c5977
_d5977